History in practice

Saved in:
Bibliographic Details
Main Author: Jordanova, L. J.
Format: Book
Language:English
Published: London, New York : Bloomsbury, c2009
Edition:2η έκδ.
Subjects:
Tags: Add Tag
No Tags, Be the first to tag this record!

MARC

LEADER 00000nam a2200000 i 4500
001 1/50929
008 140704r20132009 eng d
020 |a 978-0-340-81434-5 
035 |l 10118244 
040 |a GR-MY-UA  |b gre  |e aacr 
041 0 |a eng 
082 0 |a 901  |2 (23) 
100 1 |a Jordanova, L. J. 
245 1 0 |a History in practice /  |c Ludmilla Jordanova 
250 |a 2η έκδ. 
260 |a London, New York :   |b Bloomsbury,   |c c2009 
300 |a 243 σ.;  |b εικ.;  |c 24 εκ. 
504 |a Περιλαμβάνει βιβλιογραφικές αναφορές και ευρετήριο 
650 0 0 |a History  |x Methodology. 
852 |a INST  |b LESVOS  |e 20140704  |h 901 JOR  |p 005100054560  |q 005100054560  |t BK  |y 0 
901 |a BIBL1-2014-2 
909 |a Λ  |b 189486 
922 |a 1ΕΛΗ  |b 201406  |c ΤΚΑΙ  |d ΔΙΑΔΡΟΜΕΣ 
970 |a ΤΖΑΦΕΡΗ  |b ΕΥΑΓΓΕΛΙΑ  |z 2014/07/05